A New-Years-gift : Being a sermon preach'd on New-Year's-day, at a wedding at Malden in Essex. Shewing the scarcity the excellency of vertuous women. By J. Colby, A.M.

Bibliographic Details
Main Author: Colby, J. (John)
Corporate Author: Gale (Firm)
Format: eBook
Language:English
Subjects:
Online Access:Connect to the full text of this electronic book

MARC

Tag First Indicator Second Indicator Subfields
LEADER 00000cam a2200000 4500
001 in00003844321
005 20190415182712.0
006 m o d
007 cr |n||||||||n
008 840906s1710 enk|||| o 00||||eng c
035 |a (CU-RivES)N11863 
035 |a (Uk-ES)006002098 
035 |a (OCoLC)507971718 
040 |a CU-RivES  |c CU-RivES  |d Uk-ES  |d CStRLIN  |d Cengage Gale  |d UtOrBLW 
050 4 |a BV4278  |b .C653 1710 
100 1 |a Colby, J.  |q (John)  |0 http://id.loc.gov/authorities/names/n84001341 
245 1 2 |a A New-Years-gift :  |b Being a sermon preach'd on New-Year's-day, at a wedding at Malden in Essex. Shewing the scarcity the excellency of vertuous women. By J. Colby, A.M. 
264 3 |a London :  |b Printed and sold by H. Hills in Black-fryars, near the Water-side,  |c 1710. 
300 |a 1 online resource (16 pages)  
336 |a text  |b txt  |2 rdacontent 
337 |a computer  |b c  |2 rdamedia 
338 |a online resource  |b cr  |2 rdacarrier 
510 4 |a English Short Title Catalog,  |c N11863. 
500 |a Reproduction of original from Trinity College Library Watkinson Collection. 
500 |a Electronic resource. 
630 0 0 |a Bible.  |p Proverbs XXXI, 10  |v Sermons  |v Early works to 1800. 
655 7 |a Electronic books.  |2 local 
655 7 |a Sermons.  |2 rbgenr 
710 2 |a Gale (Firm)  |0 http://id.loc.gov/authorities/names/no2008071348 
752 |a Great Britain  |b England  |d London. 
856 4 0 |u http://proxy.library.tamu.edu/login?url=http://find.galegroup.com/ecco/infomark.do?contentSet=ECCOArticles&docType=ECCOArticles&bookId=1722200500&type=getFullCitation&tabID=T001&prodId=ECCO&docLevel=TEXT_GRAPHICS&version=1.0&source=library&userGroupName=txshracd2898  |z Connect to the full text of this electronic book  |t 0 
999 f f |s b955f365-1796-3110-aea8-94bb3bf47abe  |i c36bec8a-b604-3c2c-9611-4a0f20340efd  |t 0 
952 f f |a Texas A&M University  |b College Station  |c Electronic Resources  |d Available Online  |t 0  |e BV4278 .C653 1710  |h Library of Congress classification 
998 f f |a BV4278 .C653 1710  |t 0  |l Available Online